Maliki Majority Countries - Statistics

General Stats
  • This quiz has been taken 23 times
  • The average score is 12 of 13
Answer Stats
1 Continents Countries % Correct
dz Africa Algeria
100%
ne Africa Niger
100%
tn Africa Tunisia
100%
td Africa Chad
95%
ly Africa Libya
95%
mr Africa Mauritania
95%
ma Africa Morocco
95%
sn Africa Senegal
95%
ml Africa Mali
90%
gm Africa Gambia
86%
sd Africa Sudan
86%
sl Africa Sierra Leone
81%
gn Africa Guinea
76%
No matching quizzes found
Score Distribution
Percent of People with Each Score
Percentile by Number Answered
Your Score History
You have not taken this quiz